Skip to main content
Your cart is empty.
Your lists
Log in to create your own lists
Your cookies
العربية
English
العربية
Home
Search
Advanced search
Authority search
About
The noble scholar, jurist, historian
His Excellency Dr. Abdul Wahhab bin Ibrahim Abu Sulaiman, may Allah have mercy on him.
He was born in Umm Al-Qura in the year 1356 AH.
Library catalog
Title
Author
Subject
ISBN
ISSN
Series
Call number
Log in to your account
×
Login:
Password:
Home
MARC view: الصحبة والصحابة :
Normal view
MARC view
ISBD view
الصحبة والصحابة : (Record no. 10787)
[
view plain
]
MARC details
000 -LEADER
fixed length control field
02562cam a2200301 i 4500
003 - CONTROL NUMBER IDENTIFIER
control field
SA-RiAUC
005 - DATE AND TIME OF LATEST TRANSACTION
control field
20251105133657.0
008 - FIXED-LENGTH DATA ELEMENTS--GENERAL INFORMATION
fixed length control field
250813s2004 ts g b 00110cara c
024 0# - OTHER STANDARD IDENTIFIER
Standard number or code
00000000969182
040 ## - CATALOGING SOURCE
Original cataloging agency
SA-JeALM
Language of cataloging
ara
Transcribing agency
SA-RiAUC
Modifying agency
AE-DuMBRL
Description conventions
rda
082 04 - DEWEY DECIMAL CLASSIFICATION NUMBER
Classification number
239.9
Assigning agency
SA-RiAUC
090 ## - LOCALLY ASSIGNED LC-TYPE CALL NUMBER (OCLC); LOCAL CALL NUMBER (RLIN)
Classification number (OCLC) (R) ; Classification number, CALL (RLIN) (NR)
239.9
Local cutter number (OCLC) ; Book number/undivided call number, CALL (RLIN)
ا م ا
100 1# - MAIN ENTRY--PERSONAL NAME
Personal name
الإمام، أحمد علي،
Dates associated with a name
1945-2012
Relator term
مؤلف.
245 12 - TITLE STATEMENT
Title
الصحبة والصحابة :
Remainder of title
رسالة تأصيلية في تحقيق عدالة الصحابة وذكر فضائلهم رضى الله عنهم /
Statement of responsibility, etc.
بقلم الأستاذ الدكتور أحمد بن علي الإمام.
264 #1 - PRODUCTION, PUBLICATION, DISTRIBUTION, MANUFACTURE, AND COPYRIGHT NOTICE
Place of production, publication, distribution, manufacture
دبي، الإمارات العربية المتحدة :
Name of producer, publisher, distributor, manufacturer
دار البحوث للدراسات الإسلامية وإحياء التراث،
Date of production, publication, distribution, manufacture, or copyright notice
2004
300 ## - PHYSICAL DESCRIPTION
Extent
150 صفحة ؛
Dimensions
20 سم.
336 ## - CONTENT TYPE
Content type term
نص
Content type code
txt
Source
rdacontent
Materials specified
كتاب
337 ## - MEDIA TYPE
Media type term
بدون وسيط
Media type code
n
Source
rdamedia
338 ## - CARRIER TYPE
Carrier type term
مجلد
Carrier type code
nc
Source
rdacarrier
490 1# - SERIES STATEMENT
Series statement
سلسلة الثقافة الإسلامية ؛
Volume/sequential designation
5
504 ## - BIBLIOGRAPHY, ETC. NOTE
Bibliography, etc. note
يشتمل على إرجاعات ببليوجرافية.
520 ## - SUMMARY, ETC.
Summary, etc.
يتناول كتاب (الصحبة والصحابة) والذي قام بتأليفه د. أحمد علي الإمام، موضوع (الصحبة والصحابة) هذا الكتاب يجلي الكلمات الرائعة لعبد الله بن مسعود رضي الله عنه، في حق صحابة رسول الله صلى الله عليه وسلم، أولئك الذين جاهدوا واجتهدوا في سبيل الله، ونصرة الحق والمنافحة عن رسول الإسلام صلى الله عليه وسلم. وأن إثبات العدالة والفضل والسبق للصحابة من أمارات الإيمان الصادق بالبعثة النبوية الشريفة، بينما الطعن في عدالتهم من علامات الشقاق والنفاق، الذي يفتح الباب لفتنة دينية يخشى معها أن تؤدي إلى الخروج من الملة، لما ينطوي عليه ذلك من إنكار للشهادات القرآنية والنبوية بالفضل لسابقتهم، وحسن الذكر لسيرتهم.
650 #7 - SUBJECT ADDED ENTRY--TOPICAL TERM
Topical term or geographic name entry element
الصحابة والتابعون
General subdivision
فضائل
Source of heading or term
aucsh
650 #7 - SUBJECT ADDED ENTRY--TOPICAL TERM
Topical term or geographic name entry element
الصحابة والتابعون
Form subdivision
تراجم
Source of heading or term
aucsh
830 #0 - SERIES ADDED ENTRY--UNIFORM TITLE
Uniform title
سلسلة الثقافة الإسلامية (دار البحوث للدراسات الإسلامية والتراث)
Volume/sequential designation
5
942 ## - ADDED ENTRY ELEMENTS (KOHA)
Source of classification or shelving scheme
Dewey Decimal Classification
Koha item type
Books
Suppress in OPAC
No
949 ## - LOCAL PROCESSING INFORMATION (OCLC)
a
SA-JeALM
d
250813
u
osman123
n
1
Holdings
Withdrawn status
Lost status
Source of classification or shelving scheme
Damaged status
Not for loan
Home library
Current library
Date acquired
Total checkouts
Full call number
Barcode
Date last seen
Price effective from
Koha item type
Dewey Decimal Classification
DR AbdElwahab Library
DR AbdElwahab Library
08/15/2025
239.9 ا م ا
000017535
08/15/2025
08/15/2025
Books
Dewey Decimal Classification
DR AbdElwahab Library
DR AbdElwahab Library
11/05/2025
239.9 ا م ا
000020850
11/05/2025
11/05/2025
Books
Place hold
Print
Add to your cart
(remove)
Save record
BIBTEX
Dublin Core
MARCXML
MARC (non-Unicode/MARC-8)
MARC (Unicode/UTF-8)
MARC (Unicode/UTF-8, Standard)
MODS (XML)
RIS
ISBD
More searches
Search for this title in:
Other Libraries (WorldCat)
Other Databases (Google Scholar)
Online Stores (Bookfinder.com)
Open Library (openlibrary.org)
Exporting to Dublin Core...
×
Simple DC-RDF
OAI-DC
SRW-DC